[Event "VIE Cup"]
[Site "Bac Giang"]
[Date "2018.06.02"]
[Round "5"]
[White "Nguyen, Quoc Truong Son"]
[Black "Nguyen, Quang Hung"]
[Result "1-0"]
[WhiteElo "1897"]
[BlackElo "1875"]
[PlyCount "111"]
[EventDate "2018.05.30"]
[EventType "swiss"]
[EventRounds "9"]
[EventCountry "VIE"]
[SourceTitle "CBM 184 Extra"]
[Source "ChessBase"]
[SourceDate "2018.06.28"]
[SourceVersion "1"]
[SourceVersionDate "2018.06.28"]
[SourceQuality "1"]

1. e4 e5 2. Nf3 Nc6 3. Bb5 a6 4. Ba4 Nf6 5. 0-0 b5 6. Bb3 Bc5 7. Nxe5 0-0 8. Nxf7 Rxf7 9. e5 d5 10. exf6 Rxf6 11. d4 Be7 12. Nc3 Be6 13. Re1 Bf7 14. Bg5 Rf5 15. Bxe7 Nxe7 16. Qd3 Rh5 17. Qe2 Qd6 18. g3 Re8 19. Qf3 Rf5 20. Qg2 c6 21. a4 b4 22. Na2 a5 23. Rad1 Rf8 24. Nc1 Bh5 25. Rd2 Bf3 26. Qf1 Rh5 27. Rd3 Qh6 28. h4 Ng6 29. Re6 Rxh4 30. gxh4 Qxh4 31. Rxf3 Rxf3 32. Re8+ Kf7 33. Re3 Rf5 34. Ne2 Rh5 35. Qg2 Rg5 36. Rg3 Rf5 37. c4 Qh5 38. Kf1 Nh4 39. Qh3 g6 40. cxd5 cxd5 41. Rg4 Nf3 42. Qxh5 gxh5 43. Rg3 Nd2+ 44. Ke1 Nxb3 45. Rxb3 Kf6 46. Rh3 Kg5 47. Ng3 Kg4 48. Nxf5 Kxh3 49. Ne3 h4 50. f4 Kg3 51. f5 h3 52. f6 h2 53. Nf1+ Kg2 54. Nxh2 Kxh2 55. f7 h5 56. f8Q 1-0

[Event "VIE Cup"]
[Site "Bac Giang"]
[Date "2018.05.31"]
[Round "2"]
[White "Nguyen, Quang Hung"]
[Black "Bui, Huu Duc"]
[Result "0-1"]
[WhiteElo "1875"]
[BlackElo "1913"]
[PlyCount "63"]
[EventDate "2018.05.30"]
[EventType "swiss"]
[EventRounds "9"]
[EventCountry "VIE"]
[SourceTitle "CBM 184 Extra"]
[Source "ChessBase"]
[SourceDate "2018.06.28"]
[SourceVersion "1"]
[SourceVersionDate "2018.06.28"]
[SourceQuality "1"]

1. d4 f5 2. c4 e6 3. Nf3 Nf6 4. Nc3 Be7 5. Qc2 d5 6. e3 0-0 7. g3 Ne4 8. cxd5 exd5 9. Bg2 Nc6 10. a3 Re8 11. 0-0 Bf6 12. Qb3 Be6 13. Rd1 b6 14. Qc2 Na5 15. b3 a6 16. Bb2 Rb8 17. a4 c5 18. Bf1 c4 19. bxc4 dxc4 20. d5 Nxc3 21. Bxc3 Bxc3 22. Qxc3 Bxd5 23. Rab1 b5 24. Qd4 Bxf3 25. Qxd8 Rexd8 26. Rxd8+ Rxd8 27. axb5 axb5 28. h4 Rd1 29. Rxb5 Be2 30. Rxa5 Bxf1 31. Kh2 c3 32. Rc5 0-1